Nhà Nguyễn và những vấn đề lịch sử
Trình bày về tổ chức chính quyền thời Trịnh - Nguyễn phân tranh, đời sống tại phủ các chúa Nguyễn, thương mại dưới thời chúa Nguyễn. Giới thiệu về các nghi thức trong hoàng cung nhà Nguyễn, thi cử, quan lại; xã hội Việt Nam dưới thời nh...
Đã lưu trong:
| 主要作者: | |
|---|---|
| 格式: | 圖書 |
| 語言: | Undetermined |
| 出版: |
H.
Công an nhân dân
2018
|
| 主題: | |
| 在線閱讀: | http://lrc.tdmu.edu.vn/opac/search/detail.asp?aID=2&ID=35152 |
| 標簽: |
添加標簽
沒有標簽, 成為第一個標記此記錄!
|
| Thư viện lưu trữ: | Trung tâm Học liệu Trường Đại học Thủ Dầu Một |
|---|
| LEADER | 01152nam a2200205Ia 4500 | ||
|---|---|---|---|
| 001 | TDMU_35152 | ||
| 008 | 210410s9999 xx 000 0 und d | ||
| 082 | |a 628.162 | ||
| 090 | |b L250 | ||
| 100 | |a Lê, Nguyễn | ||
| 245 | 0 | |a Nhà Nguyễn và những vấn đề lịch sử | |
| 245 | 0 | |c Lê Nguyễn | |
| 260 | |a H. | ||
| 260 | |b Công an nhân dân | ||
| 260 | |c 2018 | ||
| 300 | |a 295tr. | ||
| 520 | |a Trình bày về tổ chức chính quyền thời Trịnh - Nguyễn phân tranh, đời sống tại phủ các chúa Nguyễn, thương mại dưới thời chúa Nguyễn. Giới thiệu về các nghi thức trong hoàng cung nhà Nguyễn, thi cử, quan lại; xã hội Việt Nam dưới thời nhà Nguyễn... ; LS046 |d Một số vấn đề về triều Nguyễn thế kỷ XIX | ||
| 650 | |a Lịch sử Nhà Nguyễn |z Việt Nam ; Lịch sử cận đại |z Việt Nam | ||
| 856 | |u http://lrc.tdmu.edu.vn/opac/search/detail.asp?aID=2&ID=35152 | ||
| 980 | |a Trung tâm Học liệu Trường Đại học Thủ Dầu Một | ||